Ball in the Answers - Statistics

General Stats
  • This quiz has been taken 52,901 times
    23,631 since last reset
  • The average score is 13 of 20
Answer Stats
Clue Answer % Correct
World's most popular sport Football
100%
Spaghetti accompaniment Meatball
87%
Used to demolish a building Wrecking ball
85%
The "national pastime" of the U.S. Baseball
81%
Found on many nightclub ceilings in the 1970s Disco ball
81%
Sport invented by Naismith in 1892 Basketball
78%
Fortune teller's tool Crystal ball
75%
Arcade game with flippers Pinball
71%
Modern ones have 300–500 dimples Golf ball
70%
Gym class sport or Ben Stiller movie Dodgeball
67%
It happens every New Year's Eve in Times Square Ball drop
65%
Manga and anime series about Son Goku Dragon Ball
62%
Introduced by French artillery engineers around 1450 Cannonball
59%
Heavy ball used for training Medicine ball
54%
"Reply hazy, try again" Magic 8-ball
49%
If this goes in the pocket, it's a scratch Cue ball
45%
Type of joint found in the human shoulder Ball and socket
44%
Beloved 1950s sitcom star Lucille Ball
41%
Halle Berry won an Oscar for her role in this 2001 movie Monster's Ball
31%
1965 James Bond movie Thunderball
27%
No matching quizzes found
Score Distribution
Percent of People with Each Score
Percentile by Number Answered
Your Score History
You have not taken this quiz since the last reset